El animal cultural : Biología y cultura en la realidad humana /

¿Qué es el ser humano? ¿Qué es lo que caracteriza a nuestra especie en el amplio panorama de la vida? Muchas veces se ha definido al ser humano como animal cultural, pero ¿qué es cultura? Para el autor de este libro una totalidad compleja que comprende desde las prácticas y materiales tecnoeconómico...

Full description

Bibliographic Details
Main Author: París, Carlos
Format: Libro
Language:Spanish
Published: Madrid Crítica 1994
Series:Crítica / filosofía 25
Subjects:
Online Access:

MARC

LEADER 00000cam a2200000 a 4500
001 004595
003 UAHC_CL
005 20170803120046.0
008 100105s1994 sp 000 spa
020 |a 8474237076 
040 |a UAHC_CL  |c UAHC_CL  |d UAHC_CL 
082 0 4 |a 304.5  |b P232  |2 20 
100 1 |a París, Carlos 
245 1 3 |a El animal cultural :  |b Biología y cultura en la realidad humana /  |c Carlos París. 
260 |b Crítica  |a Madrid  |c 1994 
300 |a 359 p. 
490 0 |a Crítica / filosofía  |v 25 
520 |a ¿Qué es el ser humano? ¿Qué es lo que caracteriza a nuestra especie en el amplio panorama de la vida? Muchas veces se ha definido al ser humano como animal cultural, pero ¿qué es cultura? Para el autor de este libro una totalidad compleja que comprende desde las prácticas y materiales tecnoeconómicos hasta las representaciones del mundo, los códigos morales y las realizaciones expresivas, pasando por los procesos de comunicación, las formas de organización y las pautas reproductoras. Así pues, filosofía e información, ciencia y técnica, antropología y evolución son los grandes temas que asedia magistralmente el profesor Carlos París en una obra que, para Javier Sádaba, «es un reto pra filósofos, para científicos y para todos aquellos que se interesen no tanto por la cultura del ser humano sino por lo humano en cuanto cultura». 
650 4 |a SOCIOBIOLOGIA 
650 4 |a CULTURA 
650 4 |a ANTROPOLOGIA FILOSOFICA 
653 |a SOCIOLOGIA 
900 |a 304.5 PAR 
942 |c BK 
952 |0 0  |1 0  |4 0  |6 304_500000000000000_PAR  |7 0  |8 General  |9 10360  |a BC  |b BC  |c General  |d 2017-08-03  |l 0  |o 304.5 PAR  |p 1375791  |r 2026-01-13 00:00:00  |t 1  |w 2017-08-03  |y BK 
999 |c 4595  |d 4595